TEXT BOOK OF PHARMACOGNOSY AND PHYTOCHEMISTRY (Record no. 34792)

MARC details
000 -LEADER
fixed length control field 00381nam a22001577a 4500
003 - CONTROL NUMBER IDENTIFIER
control field SGT
020 ## - INTERNATIONAL STANDARD BOOK NUMBER
International Standard Book Number 978938968627
082 ## - DEWEY DECIMAL CLASSIFICATION NUMBER
Classification number 615.32
Item number P26K
100 ## - MAIN ENTRY--PERSONAL NAME
Personal name KALIA, A.N
245 ## - TITLE STATEMENT
Title TEXT BOOK OF PHARMACOGNOSY AND PHYTOCHEMISTRY
260 ## - PUBLICATION, DISTRIBUTION, ETC. (IMPRINT)
Place of publication, distribution, etc NEW DELHI
Name of publisher, distributor, etc CBS PUB.
Year of Publication 2026
300 ## - PAGE DESCRIPTION
No. of Pages 216
650 ## - SUBJECT ADDED ENTRY--TOPICAL TERM
Topical term or geographic name as entry element PHARMACOGNOSY
653 ## - KEYWORDS--INDEX TERM
Keyword term PHARMACOGNOSY , PHYTOCHEMISTRY
942 ## - ADDED ENTRY ELEMENTS (KOHA)
Source of classification or shelving scheme Dewey Decimal Classification
Koha item type Books
Holdings
Withdrawn status Lost status Source of classification or shelving scheme Damaged status Not for loan Collection code Home library Current library Shelving location Date acquired Vendor Name Cost, normal purchase price Volume Information (Serial or Books or Non-Book Material) SGTU Bill Number Total Checkouts Full call number Accession No. (Barcode) Date last seen Bill Date Koha item type
    Dewey Decimal Classification     PHARMACY SGT FA-FP Library SGT FA-FP Library Text Book 07/05/2026 ABC PVT. LTD. 375.00 1 SGTU 22929   615.32 P26K FP5377 07/05/2026 22/04/2026 Books
    Dewey Decimal Classification     PHARMACY SGT FA-FP Library SGT FA-FP Library Text Book 07/05/2026 ABC PVT. LTD. 375.00 1 SGTU 22929   615.32 P26K FP5378 07/05/2026 22/04/2026 Books
    Dewey Decimal Classification     PHARMACY SGT FA-FP Library SGT FA-FP Library Text Book 07/05/2026 ABC PVT. LTD. 375.00 1 SGTU 22929   615.32 P26K FP5379 07/05/2026 22/04/2026 Books
    Dewey Decimal Classification     PHARMACY SGT FA-FP Library SGT FA-FP Library Text Book 07/05/2026 ABC PVT. LTD. 375.00 1 SGTU 22929   615.32 P26K FP5380 07/05/2026 22/04/2026 Books
    Dewey Decimal Classification     PHARMACY SGT FA-FP Library SGT FA-FP Library Text Book 07/05/2026 ABC PVT. LTD. 375.00 1 SGTU 22929   615.32 P26K FP5381 07/05/2026 22/04/2026 Books